|
|
|
|
| LEADER |
00000nam a2200000 a 4500 |
| 001 |
vtls008384391 |
| 003 |
SK-MaSNL |
| 005 |
20260302074658.0 |
| 008 |
251029s1953 xo slo |
| 015 |
|
|
|a SKSNBA19451955-007164
|
| 035 |
|
|
|a SK01SNKBKSFS20020076608
|
| 035 |
|
|
|a SKM000079071
|
| 040 |
|
|
|a SNK
|b slo
|c SNK
|e AACR2
|
| 041 |
0 |
|
|a slo
|
| 044 |
|
|
|a xo
|c SK
|
| 080 |
|
|
|a 658.5
|2 1981
|
| 100 |
1 |
|
|a Mareček, Stanislav
|4 aut
|9 740584
|
| 245 |
1 |
0 |
|a Komplexným šetrením kovmi za zhospodárnenie výroby
|c (Stanislav Mareček)
|
| 260 |
|
|
|a Bratislava
|b Práca
|c 1953
|e Bratislava
|f Graf. tlač.
|
| 300 |
|
|
|a 108, [3] s.
|c V. 8°
|
| 490 |
0 |
|
|a Knižnica odborových sväzov
|v zv. 7
|
| 500 |
|
|
|a Ilustrované
|
| 563 |
|
|
|a 3.300 výtlač.
|
| 650 |
0 |
7 |
|a kovy
|x šetrenie
|x hospodárnosť výroby
|2 SNK
|9 309151
|
| 650 |
0 |
7 |
|a výroba
|x hospodárnosť
|2 SNK
|9 309152
|
| 655 |
|
7 |
|a knihy
|2 SNKPH
|9 307098
|
| 830 |
|
0 |
|a Knižnica odborových sväzov
|9 287454
|
| 852 |
|
|
|a Slovenská národná knižnica v Martine
|b 10000
|h MS SD 8169
|
| 958 |
|
|
|a OND
|
| 958 |
|
|
|a RK
|
| 958 |
|
|
|a TL
|
| 999 |
|
|
|c 1166036
|d 1167966
|
| 952 |
|
|
|a SNK
|b SNK
|y VYP
|7 0
|p 17A0888919
|o snkSD 8169/7 D1
|i snkD 4156/61
|8 1
|0 0
|1 0
|4 0
|d 2012-06-26
|l 0
|r 2026-02-24 20:48:45
|w 2026-02-24
|
| 952 |
|
|
|a SNK
|b SNK
|y VYP
|7 0
|p 17A0888918
|o snkSD 8169/7 D2
|i snkF 1961/63
|8 5
|0 0
|1 0
|4 0
|d 2012-06-26
|l 0
|r 2026-02-24 20:48:45
|w 2026-02-24
|